000 00649nam a2200217Ia 4500
003 GCL
008 140319s9999 xx 000 0 ara d
040 _aGCL /
_cGCL
082 0 4 _aق
_b932.06
_bع ا
100 1 _aعبدالمنعم ابوبكر
245 1 0 _aاخناتون /
_cعبدالمنعم ابوبكر
260 _a[S.N] :
_bوزارة الثقافة والارشاد القومى ،
_c1961
300 _a126 ص
490 _a
650 0 4 _aمصر القديمة
650 0 4 _aالحضارة الفرعونية
650 0 4 _aالدين
650 0 4 _aالكهنة المصريون
650 0 4 _aاخناتون
942 _2ddc
_cBK
999 _c36432
_d36432